000
00194 a2200097 4500
001
7849
100
_a
Anderson, W E
245
_a
Expedition south
260
_a
_b
Evans
_c
090
_c
6298
_d
6298
942
_a
NUST-CAE
_c
M
_c
32820
999
_c
242922
_d
242922